Adobe Photoshop 2024 release / (Record no. 31199)
[ view plain ]
| 000 -LEADER | |
|---|---|
| fixed length control field | 01698cam a2200385 i 4500 |
| 001 - CONTROL NUMBER | |
| control field | on1415631513 |
| 003 - CONTROL NUMBER IDENTIFIER | |
| control field | EG-ScBUE |
| 005 - DATE AND TIME OF LATEST TRANSACTION | |
| control field | 20260505102651.0 |
| 008 - FIXED-LENGTH DATA ELEMENTS--GENERAL INFORMATION | |
| fixed length control field | 231105s2024 caua f 001 0 eng d |
| 020 ## - INTERNATIONAL STANDARD BOOK NUMBER | |
| International Standard Book Number | 9780138262525 |
| 020 ## - INTERNATIONAL STANDARD BOOK NUMBER | |
| International Standard Book Number | 0138262527 |
| 035 ## - SYSTEM CONTROL NUMBER | |
| System control number | (OCoLC)1415631513 |
| 040 ## - CATALOGING SOURCE | |
| Original cataloging agency | HQD |
| Language of cataloging | eng |
| Description conventions | rda |
| Transcribing agency | HQD |
| Modifying agency | OCLCO |
| -- | BDX |
| -- | IKG |
| -- | OCLCO |
| -- | FTHRV |
| -- | OCLCQ |
| -- | RB0 |
| -- | CSG |
| -- | ORX |
| -- | EG-ScBUE |
| 082 04 - DEWEY DECIMAL CLASSIFICATION NUMBER | |
| Classification number | 006.686 |
| Edition number | 22 |
| Item number | CHA |
| 100 1# - MAIN ENTRY--PERSONAL NAME | |
| Personal name | Chavez, Conrad, |
| Relator term | author. |
| 245 10 - TITLE STATEMENT | |
| Title | Adobe Photoshop 2024 release / |
| Statement of responsibility, etc | Conrad Chavez. |
| 246 17 - VARYING FORM OF TITLE | |
| Title proper/short title | Adobe Photoshop Classroom in a book (2024 release) |
| 264 #1 - PUBLICATION, DISTRIBUTION, ETC. (IMPRINT) | |
| Place of publication, distribution, etc | San Jose, California : |
| Name of publisher, distributor, etc | Adobe Press, |
| Date of publication, distribution, etc | 2024. |
| 300 ## - PHYSICAL DESCRIPTION | |
| Extent | viii, 408 pages : |
| Other physical details | illustrations (chiefly color) ; |
| Dimensions | 24 cm. |
| 336 ## - CONTENT TYPE | |
| Content type term | text |
| Content type code | txt |
| Source | rdacontent |
| 336 ## - CONTENT TYPE | |
| Content type term | still image |
| Content type code | sti |
| Source | rdacontent |
| 337 ## - MEDIA TYPE | |
| Media type term | unmediated |
| Media type code | n |
| Source | rdamedia |
| 338 ## - CARRIER TYPE | |
| Carrier type term | volume |
| Carrier type code | nc |
| Source | rdacarrier |
| 490 0# - SERIES STATEMENT | |
| Series statement | Classroom in a book |
| 500 ## - GENERAL NOTE | |
| General note | Includes index. |
| 505 0# - FORMATTED CONTENTS NOTE | |
| Formatted contents note | Getting started -- Getting to know the work area -- Basic photo corrections -- Working with selections -- Layer basics -- Quick fixes -- Masks and patterns -- Typographic design -- Vector drawing techniques -- Advanced compositing -- Painting with the mixer brush -- Editing video -- Working with Camera Raw -- Preparing files for the web -- Producing and printing consistent color -- Exploring neural filters. |
| 630 07 - SUBJECT ADDED ENTRY--UNIFORM TITLE | |
| Uniform title | Adobe Photoshop. |
| Language of a work | BUEsh |
| 650 #7 - SUBJECT ADDED ENTRY--TOPICAL TERM | |
| Topical term or geographic name as entry element | Photography |
| General subdivision | Digital techniques. |
| Source of heading or term | BUEsh |
| 650 #7 - SUBJECT ADDED ENTRY--TOPICAL TERM | |
| Topical term or geographic name as entry element | Photography |
| General subdivision | Digital techniques |
| -- | Computer programs. |
| Source of heading or term | BUEsh |
| 650 #7 - SUBJECT ADDED ENTRY--TOPICAL TERM | |
| Topical term or geographic name as entry element | Graphic arts. |
| Source of heading or term | BUEsh |
| 650 #7 - SUBJECT ADDED ENTRY--TOPICAL TERM | |
| Topical term or geographic name as entry element | Cloud computing. |
| Source of heading or term | BUEsh |
| 653 ## - INDEX TERM--UNCONTROLLED | |
| Arrived date list | May2026 |
| Resource For college | Arts and Design |
| 655 ## - INDEX TERM--GENRE/FORM | |
| Form subdivision | Reading book |
| 942 ## - ADDED ENTRY ELEMENTS (KOHA) | |
| Source of classification or shelving scheme | Dewey Decimal Classification |
| Koha item type | Book - Borrowing |
| Withdrawn status | Lost status | Source of classification or shelving scheme | Damaged status | Not for loan | Collection code | Home library | Current library | Shelving location | Date acquired | Source of acquisition | Cost, normal purchase price | Serial Enumeration / chronology | Total Checkouts | Full call number | Barcode | Date last seen | Cost, replacement price | Price effective from | Koha item type |
|---|---|---|---|---|---|---|---|---|---|---|---|---|---|---|---|---|---|---|---|
| Dewey Decimal Classification | Baccah | Central Library | Central Library | Lower Floor | 05/05/2026 | Purchase | 2502.00 | 40254 | 006.686 CHA | 000057637 | 05/05/2026 | 3127.50 | 05/05/2026 | Book - Borrowing |